Η αναζήτηση του θωρηκτού Βίσμαρκ ξαναζήστε τη δραματική ναυμαχία του Β' Παγκοσμίου Πολέμου και εξερευνήστε στα βάθη του ωκεανού το ναυάγιο του θρυλικού θωρηκτού
Το National Geographic γυρίζει πίσω στην πρώτη και τελευταία αποστολή του Βίσμαρκ, του πανίσχυρου αυτού θωρηκτού που αποτέλεσε κόσμημα του γερμανικού πολεμικού ναυτικού.Συνομιλεί με τους βετεράνους της φονικής ναυμαχίας του Β'Παγκοσμίου Πολέμου...
Αποθηκεύτηκε σε:
| Συγγραφή απο Οργανισμό/Αρχή: | |
|---|---|
| Άλλοι συγγραφείς: | , , , , , |
| Μορφή: | Βίντεο VHS |
| Γλώσσα: | Greek English |
| Δημοσίευση: |
[Αθήνα] :
Δημοσιογραφικός Οργανισμός Λαμπράκη,
c1989
|
| Σειρά: | National Geographic Video
|
| Θέματα: | |
| Ετικέτες: |
Προσθήκη ετικέτας
Δεν υπάρχουν, Καταχωρήστε ετικέτα πρώτοι!
|
MARC
| LEADER | 00000 gm a2200000 i 4500 | ||
|---|---|---|---|
| 001 | 1/69776 | ||
| 007 | vf cbuho | ||
| 008 | 050120s1989 gr greod | ||
| 020 | |a 960-7538-51-X | ||
| 035 | |l 10076038 | ||
| 040 | |a GR-MY-UA |b gre |e aacr | ||
| 041 | 0 | |a gre |a eng | |
| 082 | 0 | |a 930.102804 | |
| 245 | 1 | 2 | |a Η αναζήτηση του θωρηκτού Βίσμαρκ |h [μαγνητοσκόπηση] : |b ξαναζήστε τη δραματική ναυμαχία του Β' Παγκοσμίου Πολέμου και εξερευνήστε στα βάθη του ωκεανού το ναυάγιο του θρυλικού θωρηκτού / |c a production of the National Geographic Society ; παραγωγή, Christine Weber, Peter Schnall; σενάριο, Patrick Prentice; απόδοση στα ελληνικά, Βάσω Γιαννακοπούλου |
| 260 | |a [Αθήνα] : |b Δημοσιογραφικός Οργανισμός Λαμπράκη, |c c1989 | ||
| 300 | |a 1 βιντεοκασέτα (60 λεπτ.); |b ομιλ., έγχ.; |c 1/2 ίν. | ||
| 490 | 1 | |a National Geographic Video | |
| 500 | |a Μεταγλωττισμένο | ||
| 508 | |a Κινηματογράφηση, Peter Schnall; μουσική, Fred Karns; μοντάζ, Christine Jameson | ||
| 511 | |a Αφηγητής: Κώστας Καστανάς | ||
| 520 | |a Το National Geographic γυρίζει πίσω στην πρώτη και τελευταία αποστολή του Βίσμαρκ, του πανίσχυρου αυτού θωρηκτού που αποτέλεσε κόσμημα του γερμανικού πολεμικού ναυτικού.Συνομιλεί με τους βετεράνους της φονικής ναυμαχίας του Β'Παγκοσμίου Πολέμου | ||
| 538 | |a VHS | ||
| 600 | 0 | 0 | |a Ballard Robert D. |
| 610 | 1 | 0 | |a Bismarck (Battleship) |
| 650 | 0 | 0 | |a Discoveries in geography. |
| 650 | 0 | 0 | |a World War, 1939-1945 |x Antiquities. |
| 650 | 0 | 0 | |a Underwater archaeology |z North Atlantic Ocean. |
| 650 | 0 | 0 | |a World War, 1939-1945 |x Naval operations, German. |
| 650 | 0 | 0 | |a World War, 1939-1945 |x Personal narratives, British. |
| 650 | 0 | 0 | |a World War, 1939-1945 |x Personal narratives, German. |
| 650 | 0 | 0 | |a Battleships |z Germany. |
| 650 | 0 | 0 | |a Underwater exploration. |
| 650 | 0 | 0 | |a Science television programs. |
| 650 | 0 | 0 | |a Documentary films. |
| 651 | 0 | |a North Atlantic Ocean |x Antiquities. | |
| 700 | 0 | |a Ballard, Robert D. | |
| 700 | 0 | |a Weber, Christine. |4 pro | |
| 700 | 0 | |a Schnall, Peter. |4 pro | |
| 700 | 0 | |a Prentice, Patrick. |4 sce | |
| 700 | 0 | |a Καστανάς, Κώστας. |4 nrt | |
| 700 | 0 | |a Γιαννακοπούλου, Βάσω. |4 trl | |
| 710 | 2 | |a National Geographic Society (U.S.) | |
| 830 | 0 | |a National Geographic Video | |
| 852 | |a INST |b CHIOS |c AV |e 20050120 |h 930.102804 ΑΝΑ |p 005200022407 |q 005200022407 |t VC |y 23 | ||
| 901 | |a BIBL2-2005-1 | ||
| 909 | |a Χ |b 112526 | ||
| 922 | |a 2ΕΛΗ |c ΚΕΝΤΡΙΚΗ ΒΙΒΛΙΟΘΗΚΗ | ||
| 970 | |a ΧΑΖΙΡΗ |b ΑΝΝΑ |z 2005/01/20 | ||